Normal view
MARC view
Entry Topical Term
001 - CONTROL NUMBER
- control field: 6118
003 - CONTROL NUMBER IDENTIFIER
- control field: BD-RjUL
005 - DATE AND TIME OF LATEST TRANSACTION
- control field: 20221204103153.0
008 - FIXED-LENGTH DATA ELEMENTS
- fixed length control field: 221204|| aca||aabn | a|a d
040 ## - CATALOGING SOURCE
- Original cataloging agency: BD-RjUL
- Transcribing agency: BD-RjUL
150 ## - HEADING--TOPICAL TERM
- Topical term or geographic name entry element: গান
- Form subdivision: রাগসঙ্গীত
670 ## - SOURCE DATA FOUND
- Source citation: Work cat.: (BD-RjUL)80876: লায়লা, আলিফ 6117, লালনের গান ও রাগসঙ্গীত /, ২০১৯